[Event "Medellin Flores op 30th"]
[Site "Medellin"]
[Date "2023.08.03"]
[Round "1"]
[White "Viana Ardila, Juan Carlos"]
[Black "Sanchez Soba, Omar Jose"]
[Result "1-0"]
[WhiteElo "1858"]
[BlackElo "1308"]
[PlyCount "71"]
[EventDate "2023.08.03"]
[EventType "swiss"]
[EventRounds "9"]
[EventCountry "COL"]
[SourceTitle "EXT 2024"]
[Source "ChessBase"]
[SourceDate "2023.10.10"]
[SourceVersion "1"]
[SourceVersionDate "2023.10.10"]
[SourceQuality "1"]

1. c4 d6 2. g3 Nf6 3. Bg2 g6 4. Nc3 Bg7 5. e4 0-0 6. Nge2 Nbd7 7. 0-0 Ne8 8. d3 e5 9. Be3 f5 10. Qd2 Qf6 11. Nd5 Qf7 12. f4 c6 13. Ndc3 Qe7 14. Rae1 Nc7 15. d4 exf4 16. Bxf4 fxe4 17. Nxe4 Ne8 18. N2c3 Qd8 19. Nxd6 Nxd6 20. Bxd6 Rxf1+ 21. Rxf1 Nb6 22. c5 Nc4 23. Qf4 Nxd6 24. cxd6 Bf5 25. g4 Bd7 26. d5 c5 27. Ne4 Bd4+ 28. Kh1 Bb5 29. Qf7+ Kh8 30. Nf6 Bxf6 31. Rxf6 Qa5 32. Qe7 Kg8 33. Rf7 Qe1+ 34. Qxe1 Kxf7 35. Qe7+ Kg8 36. Qxb7 1-0

[Event "Uniagraria AlphaZero op 2nd"]
[Site "Uniagraria"]
[Date "2019.11.09"]
[Round "2"]
[White "Lopez, Alberto1111"]
[Black "Viana Ardila, Juan Carlos"]
[Result "0-1"]
[WhiteElo "1563"]
[BlackElo "1827"]
[PlyCount "56"]
[EventDate "2019.11.08"]
[EventType "swiss"]
[EventRounds "7"]
[EventCountry "COL"]
[SourceTitle "CBM 193 Extra"]
[Source "ChessBase"]
[SourceDate "2020.01.31"]
[SourceVersion "1"]
[SourceVersionDate "2020.01.31"]
[SourceQuality "1"]

1. e4 c5 2. Nf3 Nc6 3. d4 cxd4 4. Nxd4 g6 5. Be3 Bg7 6. Nc3 Nf6 7. Bc4 0-0 8. Bb3 a5 9. a3 a4 10. Ba2 d6 11. f3 Qb6 12. Qd2 Nxe4 13. Nxc6 Qxb2 14. Nxe7+ Kh8 15. Rb1 Bxc3 16. Rxb2 Nxd2 17. Bxd2 Bxb2 18. Kd1 Be6 19. c4 Rfe8 20. Nd5 Bxd5 21. cxd5 Bxa3 22. Bc3+ Kg8 23. Bb1 b5 24. Re1 Rxe1+ 25. Bxe1 b4 26. Bg3 b3 27. Bf2 Rc8 28. Bd4 Rc1+ 0-1